South Carolina Counties by Interstate Intersection - Statistics

General Stats
  • This quiz has been taken 17 times
  • The average score is 31 of 45
Answer Stats
Hint Answer % Correct
I-20 Florence
100%
I-95 Florence
100%
I-26 Charleston
92%
I-526 Charleston
92%
I-85 Greenville
92%
I-185 Greenville
92%
I-385 Greenville
92%
I-20 Richland
92%
I-26 Richland
92%
I-77 Richland
92%
I-126 Richland
92%
I-26 Spartanburg
92%
I-85 Spartanburg
92%
I-585 Spartanburg
92%
I-95 Sumter
92%
I-85 Anderson
75%
I-20 Aiken
67%
I-520 Aiken
67%
I-95 Colleton
67%
I-95 Dillon
67%
I-95 Hampton
67%
I-95 Jasper
67%
I-20 Lexington
67%
I-26 Lexington
67%
I-77 Lexington
67%
I-95 Marlboro
67%
I-26 Newberry
67%
I-77 York
67%
I-26 Calhoun
58%
I-77 Chester
58%
I-20 Darlington
58%
I-95 Darlington
58%
I-26 Dorchester
58%
I-95 Dorchester
58%
I-20 Kershaw
58%
I-85 Oconee
58%
I-526 Berkeley
50%
I-20 Lee
50%
I-26 Orangeburg
50%
I-95 Orangeburg
50%
I-85 Cherokee
42%
I-95 Clarendon
42%
I-77 Fairfield
42%
I-26 Laurens
42%
I-385 Laurens
42%
No matching quizzes found
Score Distribution
Percent of People with Each Score
Percentile by Number Answered
Your Score History
You have not taken this quiz